500 Most Populated Cities in the World! - Statistics

General Stats
  • This quiz has been taken 52 times
    3 since last reset
  • The average score is 141 of 500
Answer Stats
Country Answer % Correct
India Ahmedabad
100%
India Bangalore
100%
India Chennai
100%
India Delhi
100%
India | Pakistan Hyderabad
100%
India Kolkata
100%
India Mumbai
100%
United Arab Emirates Abu Dhabi
67%
Nigeria Abuja
67%
Ghana Accra
67%
Ethiopia Addis Ababa
67%
Egypt Alexandria
67%
Algeria Algiers
67%
Netherlands Amsterdam
67%
Türkiye Ankara
67%
Kazakhstan Astana
67%
Greece Athens
67%
United States Atlanta
67%
New Zealand Auckland
67%
United States Austin
67%
Iraq Baghdad
67%
Azerbaijan Baku
67%
Mali Bamako
67%
Thailand Bangkok
67%
Spain Barcelona
67%
China Beijing
67%
Lebanon Beirut
67%
Serbia Belgrade
67%
Brazil Belo Horizonte
67%
Germany Berlin
67%
United Kingdom Birmingham
67%
Colombia Bogotá
67%
United States Boston
67%
Brazil Brasilia
67%
Belgium Brussels
67%
Romania Bucharest
67%
Hungary Budapest
67%
Argentina Buenos Aires
67%
Egypt Cairo
67%
South Africa Cape Town
67%
Colombia | Morocco Casablanca
67%
China Chengdu
67%
United States Chicago
67%
United States Cincinnati
67%
Denmark Copenhagen
67%
Senegal Dakar
67%
United States Dallas
67%
Syria Damascus
67%
Tanzania Dar es Salaam
67%
United States Detroit
67%
Bangladesh Dhaka
67%
Qatar Doha
67%
Ukraine Donetsk
67%
United Arab Emirates Dubai
67%
Ireland Dublin
67%
Morocco Fes
67%
Germany Frankfurt
67%
Sierra Leone Freetown
67%
United Kingdom Glasgow
67%
Mexico Guadalajara
67%
China Guangzhou
67%
Germany Hamburg
67%
Vietnam Hanoi
67%
Finland Helsinki
67%
Vietnam Ho Chi Minh City
67%
China Hong Kong
67%
United States Indianapolis
67%
Türkiye Istanbul
67%
United States Jacksonville
67%
India Jaipur
67%
Indonesia Jakarta
67%
South Africa Johannesburg
67%
Afghanistan Kabul
67%
Uganda Kampala
67%
United States Kansas City
67%
Pakistan Karachi
67%
Nepal Kathmandu
67%
Ukraine Kharkiv
67%
Sudan Khartoum
67%
D.R. Congo Kinshasa
67%
Malaysia Kuala Lumpur
67%
Kuwait Kuwait City
67%
Ukraine Kyiv
67%
Nigeria Lagos
67%
Bolivia La Paz
67%
United States Las Vegas
67%
United Kingdom Leeds
67%
Peru Lima
67%
Portugal Lisbon
67%
United Kingdom London
67%
United States Los Angeles
67%
China Lu’an
67%
Angola Luanda
67%
Spain Madrid
67%
United Kingdom Manchester
67%
Philippines Manila
67%
Saudi Arabia Mecca
67%
Saudi Arabia Medina
67%
Australia | United States Melbourne
67%
Mexico Mexico City
67%
United States Miami
67%
Italy Milan
67%
United States Minneapolis
67%
Uruguay Montevideo
67%
Canada Montreal
67%
Russia Moscow
67%
Germany Munich
67%
Japan Nagoya
67%
Kenya Nairobi
67%
Italy Naples
67%
United States Nashville
67%
United Kingdom Newcastle
67%
United States New York City
67%
United States Orlando
67%
Japan Osaka
67%
France Paris
67%
Australia Perth
67%
Cambodia Phnom Penh
67%
Haiti Port-au-Prince
67%
Portugal Porto
67%
Czech Republic Prague
67%
Ecuador Quito
67%
Morocco Rabat
67%
Brazil Rio de Janeiro
67%
Saudi Arabia Riyadh
67%
Italy Rome
67%
Netherlands Rotterdam
67%
Russia Saint Petersburg
67%
Chile Santiago
67%
Brazil São Paulo
67%
United States Seattle
67%
South Korea Seoul
67%
China Shanghai
67%
United Kingdom Sheffield
67%
Singapore Singapore
67%
Sweden Stockholm
67%
Australia Sydney
67%
Taiwan Taipei
67%
United States Tampa
67%
Iran Tehran
67%
Israel Tel Aviv
67%
Mexico Tijuana
67%
Japan Tokyo
67%
Canada Toronto
67%
Tunisia Tunis
67%
Mongolia Ulaanbaatar
67%
Austria Vienna
67%
Poland Warsaw
67%
United States Washington
67%
China Wuhan
67%
China Xi’an
67%
Myanmar Yangon
67%
Switzerland Zurich
67%
Ivory Coast Abidjan
33%
Australia Adelaide
33%
India Agra
33%
Jordan Amman
33%
Türkiye Antalya
33%
Belgium Antwerp
33%
Paraguay Asunción
33%
Central African Republic Bangui
33%
Brazil Belém
33%
Nigeria Benin City
33%
Kyrgyzstan Bishkek
33%
Rep. Of the Congo Brazzaville
33%
Australia Brisbane
33%
South Korea Busan
33%
Canada Calgary
33%
Philippines Cebu
33%
China Changsha
33%
United States Charlotte
33%
Russia Chelyabinsk
33%
Guinea Conakry
33%
South Korea Daegu
33%
Vietnam Da Nang
33%
United States Denver
33%
Mexico Mérida
33%
Cameroon Douala
33%
South Africa Durban
33%
Tajikistan Dushanbe
33%
Canada Edmonton
33%
Japan Fukuoka
33%
China Fuzhou
33%
Palestine Gaza
33%
Guatemala Guatemala City
33%
Ecuador Guayaquil
33%
Zimbabwe Harare
33%
Cuba Havana
33%
Türkiye Izmir
33%
Saudi Arabia Jeddah
33%
India Jodhpur
33%
Nigeria Kano
33%
Poland Katowice
33%
Russia Kazan
33%
Rwanda Kigali
33%
Russia Krasnodar
33%
France Lille
33%
Togo Lomé
33%
India Lucknow
33%
Zambia Lusaka
33%
France Lyon
33%
Nicaragua Managua
33%
Bahrain Manama
33%
Mozambique Maputo
33%
France Marseille
33%
Belarus Minsk
33%
Somalia Mogadishu
33%
Liberia Monrovia
33%
Mexico Monterrey
33%
Oman Muscat
33%
China Nanjing
33%
Chad Ndjamena
33%
Niger Niamey
33%
Russia Nizhny Novgorod
33%
United Kingdom Nottingham
33%
Mauritania Nouakchott
33%
Russia Novosibirsk
33%
Norway Oslo
33%
Canada Ottawa
33%
Burkina Faso Ouagadougou
33%
Panama Panama City
33%
India Patna
33%
United States Philadelphia
33%
United States Phoenix
33%
United States Pittsburgh
33%
United States Portland
33%
Brazil Porto Alegre
33%
India Pune
33%
North Korea Pyongyang
33%
Iran Qom
33%
United States Raleigh
33%
Russia Rostov-on-Don
33%
Russia Samara
33%
Yemen Sana’a
33%
United States San Antonio
33%
United States San Diego
33%
United States San Francisco
33%
Costa Rica San José
33%
United States (Puerto Rico) San Juan
33%
El Salvador San Salvador
33%
Spain Sevilla
33%
China Shenyang
33%
Germany Stuttgart
33%
India Surat
33%
Uzbekistan Tashkent
33%
China Tianjin
33%
Libya Tripoli
33%
Italy Turin
33%
Spain | Venezuela Valencia
33%
Canada Vancouver
33%
China Xiamen
33%
China Yangzhou
33%
Russia Yekaterinburg
33%
Armenia Yerevan
33%
China Zhengzhou
33%
Nigeria Aba
0%
Türkiye Adana
0%
Morocco Agadir
0%
Syria Aleppo
0%
India Alīgarh
0%
Kazakhstan Alma-Ata
0%
India Amritsar
0%
Philippines Angeles
0%
China Anshan
0%
China Anyang
0%
India Āsansol
0%
India Aurangabad
0%
Iran Avhaz
0%
Indonesia Bandar Lampung
0%
Indonesia Bandung
0%
China Baoding
0%
China Baotou
0%
India Bareilly
0%
Venezuela Barquisimeto
0%
Colombia Barranquilla
0%
Iraq Basra
0%
Indonesia Batam
0%
India Benares
0%
China Bengbu
0%
Angola Benguela
0%
India Bhilai
0%
India Bhopal
0%
Colombia Bucaramanga
0%
United States Buffalo
0%
Türkiye Bursa
0%
Colombia Cali
0%
Brazil Campinas
0%
Venezuela Carcas
0%
India Chandigarh
0%
China Changchun
0%
Bangladesh Chittagong
0%
Thailand Chonburi
0%
China Chongqing
0%
Mexico Ciudad Juárez
0%
United States Cleveland
0%
Bolivia Cochabamba
0%
India Cochin
0%
India Coimbatore
0%
Sri Lanka Colombo
0%
United States Columbus
0%
Argentina Córoba
0%
Benin Cotonou
0%
Brazil Curitiba
0%
South Korea Daegjeon
0%
China Dairen
0%
Saudi Arabia Dammam
0%
China Daqing
0%
China Datong
0%
Philippines Davao
0%
China Dazhou
0%
China Dezhou
0%
India Dhanbad
0%
Ukraine Dnepropetrovsk
0%
Pakistan Faisalabad
0%
Brazil Florianópolis
0%
Brazil Fortazela
0%
China Fuyang
0%
China Ganzhou
0%
Türkiye Gaziantep
0%
Malaysia George Town
0%
Brazil Goiania
0%
China Guilin
0%
China Guiyang
0%
Pakistan Gujranwala
0%
India Gwalior
0%
South Korea Gwangju
0%
China Haikou
0%
Vietnam Haiphong
0%
Japan Hamamatsu
0%
China Handan
0%
China Hangzhou
0%
China Harbin
0%
United States Harrisburg
0%
United States Hartford
0%
China Hefei
0%
China Heze
0%
Japan Hiroshima
0%
China Hohhot
0%
China Huai’an
0%
China Huaibei
0%
China Huainan
0%
China Huzhou
0%
Nigeria Ibadan
0%
India Indore
0%
Iran Isfahan
0%
India Jabalpur
0%
India Jamshedpur
0%
China Jiangyin
0%
China Jiaozuo
0%
China Jiaxing
0%
China Jilliin
0%
China Jinan
0%
China Jinhua
0%
Nigeria Kaduna
0%
China Kaifeng
0%
D.R. Congo Kananga
0%
India Kanpur
0%
Taiwan Kaohsuing
0%
Indonesia Karawang
0%
D.R. Congo Kisangani
0%
Japan Kitakyushu
0%
Türkiye Konya
0%
India Kotā
0%
Russia Krasnojarsk
0%
Ghana Kumasi
0%
China Kunming
0%
Pakistan Lahore
0%
China Lanzhou
0%
Mexico León
0%
China Linyi
0%
China Liuzhou
0%
D.R. Congo Lubumbashi
0%
India Ludhiana
0%
China Luoyang
0%
China Luzhou
0%
India Madurai
0%
Indonesia Makassar
0%
Indonesia Malang
0%
Brazil Manaus
0%
Myanmar Mandalay
0%
Germany Mannheim
0%
China Maoming
0%
Venezuela Maracaibo
0%
Venezuela Maracay
0%
D.R. Congo Mbuji-Mayi
0%
Indonesia Medan
0%
India Meerut
0%
Iran Meshed
0%
China Mianyang
0%
United States Milwaukee
0%
Kenya Mombasa
0%
India Morādābād
0%
Iraq Mosul
0%
Pakistan Multan
0%
Tanzania Mwanza
0%
India Mysore
0%
India Nagpur
0%
China Nanchang
0%
China Nanchong
0%
China Nanning
0%
China Nantong
0%
China Nanyang
0%
India Nasik
0%
Brazil Natal
0%
China Ningbo
0%
Japan Okayama
0%
Algeria Oran
0%
Indonesia Palembang
0%
Pakistan Peshawar
0%
China Pingdingshan
0%
Rep. of the Congo Pointe-Noire
0%
Nigeria Port Harcourt
0%
India Prayagraj
0%
Mexico Puebla
0%
China Puyang
0%
China Qingdao
0%
China Qingyuan
0%
China Qinhuangdao
0%
Mexico Querétaro
0%
Pakistan Quetta
0%
India Rajikot
0%
India Ranchi
0%
Pakistan Rawalpindi
0%
Brazil Recife
0%
Germany Rhine Ruhr
0%
China Rizhao
0%
Argentina Rosario
0%
United States Sacramento
0%
United States Salt Lake City
0%
Brazil Salvador
0%
Mexico San Luis Potosí
0%
Honduras San Pedro Sula
0%
Bolivia Santa Cruz
0%
Dominican Republic Santo Dominico
0%
Brazil Santos
0%
Brazil São Luis
0%
Japan Sapporo
0%
Indonesia Semarang
0%
Japan Sendai
0%
China Shangqiu
0%
China Shangrao
0%
China Shantou
0%
China Shijiazhuang
0%
Iran Shiraz
0%
Kazakhstan Shymkent
0%
India Srinagar
0%
United States St. Louis
0%
United States Stockton
0%
Indonesia Surabaya
0%
Indonesia Surakarta
0%
Iran Tabriz
0%
China Tai’an
0%
Taiwan Taichung
0%
Taiwan Tainan
0%
China Taiyuan
0%
China Taizhou
0%
Madagascar Tananarive
0%
Morocco Tangier
0%
China Tangshan
0%
Georgia Tbilisi
0%
India Tiruchirappalli
0%
India Tirupur
0%
Mexico Toluca
0%
Mexico Torreón
0%
Senegal Touba
0%
China Urumqi
0%
India Vadodara
0%
United States Virginia Beach
0%
India Vishakhapatnam
0%
Brazil Vitória
0%
India Vjayawada
0%
China Weifang
0%
China Weihai
0%
China Wenzhou
0%
China Wuhu
0%
China Xiangyang
0%
China Xingtai
0%
China Xining
0%
China Xinxiang
0%
China Xuchang
0%
China Xuzhou
0%
China Yancheng
0%
China Yantai
0%
Cameroon Yaoundé
0%
China Yibin
0%
China Yinchuan
0%
China Yiwu
0%
Indonesia Yogyakarta
0%
China Yulin
0%
China Zaozhuang
0%
China Zhangjiakou
0%
China Zhanjiang
0%
China Zhuhai
0%
China Zibo
0%
China Zunyi
0%
No matching quizzes found
Score Distribution
Percent of People with Each Score
Percentile by Number Answered
Your Score History
You have not taken this quiz since the last reset